LEADER 01239nam 2200373 450 001 9910503808903321 005 20211109124113.0 010 $a9788860262523 100 $a20211109d2019----km-y0itay50------ba 101 0 $aita 102 $aIT 105 $a 001yy 200 1 $a<> risanamento delle murature affette da umidità da risalita capillare$fVeronica Vitiello, Roberto Castelluccio$eil metodo CNT 210 $aNapoli$cLuciano Editore$d2019 215 $a158 p.$cill.$d24 cm 610 0 $aRecupero edilizio 676 $a691 700 1$aVitiello,$bVeronica$0853851 701 1$aCastelluccio,$bRoberto$0464261 801 2$aIT$bUNINA$gRICA$2UNIMARC 901 $aBK 912 $a9910503808903321 952 $a13 45 35$b3489 / 2021$fFINBC 952 $a13 A 66 19$b3490 / 2021$fFINBC 952 $a13 A 66 20$b3491 / 2021$fFINBC 952 $a13 A 66 21$b3492 / 2021$fFINBC 952 $a23 15 E 26$b3493 / 2021$fFINAG 952 $a23 15 E 27$b3494 / 2021$fFINAG 952 $a23 15 E 28$b3495 / 2021$fFINAG 952 $a23 15 E 29$b3496 / 2021$fFINAG 959 $aFINBC 959 $aFINAG 996 $aRisanamento delle murature affette da umidità da risalita capillare$91906459 997 $aUNINA